Entry Nome pessoal
001 - NÚMERO DE CONTROLE
- campo de controle: 924
003 - IDENTIFICADOR DO NÚMERO DE CONTROLE
- campo de controle: DLC
005 - DATA E HORÁRIO DA ÚLTIMA TRANSAÇÃO
- campo de controle: 20250624092406.0
008 - CAMPO DE DADOS FIXOS
- campo de controle de tamanho fixo: 800721n| azannaabn |b aaa
010 ## - NÚMERO DE CONTROLE DA LIBRARY OF CONGRESS
- Número de controle da LC: n 50037007
- Número de controle da LC cancelado/inválido: n 2017245208
035 ## - NÚMERO DE CONTROLE DO SISTEMA
- Número de Controle do Sistema: (OCoLC)oca00072253
040 ## - FONTE DA CATALOGAÇÃO
- Instituição da catalogação original: DLC
- Idioma da catalogação: eng
- Fontes convencionais de descrições de dados: rda
- Instituição que transcreveu o registro: DLC
- Instituição que modificou o registro: InU
- Instituição que modificou o registro: OCoLC
- Instituição que modificou o registro: IC
- Instituição que modificou o registro: UPB
- Instituição que modificou o registro: PU-HC
- Instituição que modificou o registro: DLC
- Instituição que modificou o registro: OCoLC
046 ## - CÓDIGO ESPECIAL DE DATAS
- Data de nascimento: 1888-11-24
- Data de óbito: 1955-11-01
- Fonte do esquema de data: edtf
100 1# - CABEÇALHO--NOME PESSOAL
- Nome pessoal: Carnegie, Dale,
- Datas associadas ao nome: 1888-1955
370 ## - LUGAR ASSOCIADO
- Local de nascimento: Maryville (Mo.)
- Local de morte: New York (N.Y.)
- Local de residência/sede: Maryville (Mo.)
- Local de residência/sede: Belton (Mo.)
- Local de residência/sede: New York (N.Y.)
- Fonte do termo: naf
374 ## - OCUPAÇÃO
- Ocupação: Lecturers
- Fonte do termo: lcsh
374 ## - OCUPAÇÃO
- Ocupação: Authors
- Fonte do termo: lcsh
377 ## - IDIOMA ASSOCIADO
- Código do idioma: eng
400 1# - REMISSIVA VER--NOME PESSOAL
- Nome pessoal: Kāranēgī, Ḍēla,
- Datas associadas ao nome: 1888-1955
400 1# - REMISSIVA VER--NOME PESSOAL
- Nome pessoal: Carnagey, Dale,
- Datas associadas ao nome: 1888-1955
400 1# - REMISSIVA VER--NOME PESSOAL
- Nome pessoal: Carnegie, Dale Breckinridge,
- Datas associadas ao nome: 1888-1955
400 1# - REMISSIVA VER--NOME PESSOAL
- Nome pessoal: Kʻa-nai-chi,
- Datas associadas ao nome: 1888-1955
400 1# - REMISSIVA VER--NOME PESSOAL
- Nome pessoal: Kʻa-nai-chi, Tai-erh,
- Datas associadas ao nome: 1888-1955
400 1# - REMISSIVA VER--NOME PESSOAL
- Nome pessoal: Karnegi, Deĭl,
- Datas associadas ao nome: 1888-1955
400 1# - REMISSIVA VER--NOME PESSOAL
- Nome pessoal: Карнеги, Дейл,
- Datas associadas ao nome: 1888-1955
400 1# - REMISSIVA VER--NOME PESSOAL
- Nome pessoal: 卡耐基戴尔,
- Datas associadas ao nome: 1888-1955
400 1# - REMISSIVA VER--NOME PESSOAL
- Nome pessoal: Ḳarnegi, Del,
- Datas associadas ao nome: 1888-1955
400 1# - REMISSIVA VER--NOME PESSOAL
- Nome pessoal: كارنجي، ديل،
- Datas associadas ao nome: 1888-1955
400 1# - REMISSIVA VER--NOME PESSOAL
- Nome pessoal: קרנגי, דייל
400 1# - REMISSIVA VER--NOME PESSOAL
- Nome pessoal: Kārnijī, Dayl,
- Datas associadas ao nome: 1888-1955
400 0# - REMISSIVA VER--NOME PESSOAL
- Nome pessoal: Taʼe ʼar Khā-ne-ci,
- Datas associadas ao nome: 1888-1955
670 ## - FONTE POSITIVA DOS DADOS
- Citação da fonte positiva dos dados: His Public speaking ... 1926.
670 ## - FONTE POSITIVA DOS DADOS
- Citação da fonte positiva dos dados: His Kʻa-nai-chi ming yen chi, 1981
- Dados encontrados na fonte localizada no subcampo: (Kʻa-nai-chi; Tai-erh Kʻa-nai-chi)
670 ## - FONTE POSITIVA DOS DADOS
- Citação da fonte positiva dos dados: Prikhoti udachi, 1993:
- Dados encontrados na fonte localizada no subcampo: t.p. (Deĭl Karnegi)
670 ## - FONTE POSITIVA DOS DADOS
- Citação da fonte positiva dos dados: Qāʼid dākhilaka, 2008:
- Dados encontrados na fonte localizada no subcampo: t.p. (Dayl Kārnijī)
670 ## - FONTE POSITIVA DOS DADOS
- Citação da fonte positiva dos dados: Wikipedia, website viewed December 9, 2015
- Dados encontrados na fonte localizada no subcampo: (Dale Carnegie; Dale Harbison Carnegie; born November 24, 1888, Maryville, Missouri; died November 1, 1955, New York City; writer, lecturer; family moved to Belton, Missouri when he was a small child; graduated from State Teacher's College in Warrensburg; living in Forest Hills, New York City at time of death; buried in Belton, Missouri)
670 ## - FONTE POSITIVA DOS DADOS
- Citação da fonte positiva dos dados: Al deʼagah, c1974:
- Dados encontrados na fonte localizada no subcampo: t.p. (דייל קרנגי = Del Ḳarnegi) t.p. verso (Dale Carnegie [in rom.])
670 ## - FONTE POSITIVA DOS DADOS
- Citação da fonte positiva dos dados: Skyes chen dam paʼi rtogs brjod thor bu, 2015:
- Dados encontrados na fonte localizada no subcampo: title page ( Khā-ne-ci) page 1 (Taʼe ʼar Khā-ne-ci, American educationist)